[Event "CHN-ch (Women)"]
[Site "Xinghua"]
[Date "2025.07.03"]
[Round "11"]
[White "Wang, Chuqiao"]
[Black "Xue, Shixuan"]
[Result "1/2-1/2"]
[WhiteElo "2229"]
[BlackElo "1885"]
[PlyCount "46"]
[EventDate "2025.06.23"]
[EventType "swiss"]
[EventRounds "11"]
[EventCountry "CHN"]
[SourceTitle "CB28_2025"]
[SourceDate "2025.07.09"]
[SourceVersion "1"]
[SourceVersionDate "2025.07.09"]
[SourceQuality "1"]

1. d4 Nf6 2. c4 e6 3. Nc3 d5 4. Nf3 Bb4 5. Bg5 h6 6. Bxf6 Qxf6 7. Qb3 c5 8. cxd5 exd5 9. dxc5 Bxc3+ 10. Qxc3 Qxc3+ 11. bxc3 Na6 12. c6 bxc6 13. Ne5 Bd7 14. c4 Ke7 15. g3 Rhd8 16. cxd5 cxd5 17. Nxd7 Rxd7 18. Bg2 Rb8 19. 0-0 Rb2 20. Rfb1 Rc2 21. Rc1 Rb2 22. Rcb1 Rc2 23. Rc1 Rb2 1/2-1/2

[Event "CHN-ch (Women)"]
[Site "Xinghua"]
[Date "2025.07.02"]
[Round "10"]
[White "Zhang, Xiao"]
[Black "Wang, Chuqiao"]
[Result "1-0"]
[WhiteElo "2212"]
[BlackElo "2229"]
[PlyCount "102"]
[EventDate "2025.06.23"]
[EventType "swiss"]
[EventRounds "11"]
[EventCountry "CHN"]
[SourceTitle "CB28_2025"]
[SourceDate "2025.07.09"]
[SourceVersion "1"]
[SourceVersionDate "2025.07.09"]
[SourceQuality "1"]

1. c4 b6 2. Nc3 Bb7 3. e4 e6 4. Nf3 c5 5. d4 cxd4 6. Nxd4 d6 7. g3 a6 8. Bg2 Qc7 9. 0-0 Nf6 10. b3 Nbd7 11. Bb2 Be7 12. Re1 0-0 13. Rc1 Rfe8 14. f4 Bf8 15. Nf3 Qc5+ 16. Qd4 Qxd4+ 17. Nxd4 e5 18. fxe5 dxe5 19. Nf3 Bb4 20. a3 Bxc3 21. Bxc3 Bxe4 22. Re3 Rad8 23. Rce1 Bc2 24. Nxe5 Nxe5 25. Rxe5 Rxe5 26. Bxe5 Bxb3 27. Bc7 Rd2 28. Bf1 b5 29. cxb5 axb5 30. Rb1 Bd5 31. Rxb5 h5 32. Bf4 Ra2 33. Be5 Be4 34. Bb2 Bd5 35. Bxf6 gxf6 36. Rxd5 Rxa3 37. Rxh5 Kg7 38. Rf5 Kg6 39. Rf2 Kg5 40. Kg2 f5 41. Bc4 f6 42. Be6 Ra5 43. Rxf5+ Rxf5 44. h4+ Kg6 45. Bxf5+ Kxf5 46. Kf3 Ke5 47. Kg4 Ke6 48. Kf4 Kf7 49. Kf5 Kg7 50. h5 Kh6 51. g4 Kg7 1-0

[Event "CHN-ch (Women)"]
[Site "Xinghua"]
[Date "2025.07.01"]
[Round "9"]
[White "Pi, Aiying"]
[Black "Wang, Chuqiao"]
[Result "0-1"]
[WhiteElo "1884"]
[BlackElo "2229"]
[PlyCount "126"]
[EventDate "2025.06.23"]
[EventType "swiss"]
[EventRounds "11"]
[EventCountry "CHN"]
[SourceTitle "CB28_2025"]
[SourceDate "2025.07.09"]
[SourceVersion "1"]
[SourceVersionDate "2025.07.09"]
[SourceQuality "1"]

1. e4 e6 2. d4 d5 3. e5 c5 4. c3 Nc6 5. Nf3 Bd7 6. Be2 Nge7 7. Na3 cxd4 8. cxd4 Ng6 9. h4 Be7 10. h5 Nh4 11. Nxh4 Bxh4 12. 0-0 Be7 13. Be3 f6 14. f4 0-0 15. Qd2 Qb6 16. Rab1 Rac8 17. Nc2 a6 18. exf6 Rxf6 19. g4 Nb4 20. Nxb4 Bxb4 21. Qd1 Bb5 22. a3 Bd6 23. Qd2 Bxe2 24. Qxe2 Rcf8 25. Qd2 Qc7 26. Rbc1 Qb8 27. f5 exf5 28. Bg5 R6f7 29. Qg2 h6 30. Bd2 Qd8 31. g5 hxg5 32. Bxg5 Be7 33. Bf4 Bf6 34. Be5 f4 35. h6 Bxe5 36. dxe5 Qb6+ 37. Rf2 f3 38. Qg5 Qxh6 39. Qxh6 gxh6 40. Rd1 Rd7 41. Rfd2 Rg7+ 42. Kf1 Rg5 43. Re1 Rf4 44. e6 Kf8 45. Red1 Ke7 46. Rxd5 Rxd5 47. Rxd5 Kxe6 48. Rh5 Rf6 49. Kf2 Kf7 50. a4 b6 51. b4 Kg6 52. Rd5 h5 53. b5 a5 54. Re5 h4 55. Re8 Kg5 56. Rg8+ Rg6 57. Rh8 Kg4 58. Rf8 Rg5 59. Rf6 h3 60. Kg1 Rf5 61. Rg6+ Kh5 62. Rxb6 f2+ 63. Kf1 h2 0-1

[Event "CHN-ch (Women)"]
[Site "Xinghua"]
[Date "2025.06.29"]
[Round "7"]
[White "Wang, Chuqiao"]
[Black "Jiang, Tianyu"]
[Result "0-1"]
[WhiteElo "2229"]
[BlackElo "2098"]
[PlyCount "138"]
[EventDate "2025.06.23"]
[EventType "swiss"]
[EventRounds "11"]
[EventCountry "CHN"]
[SourceTitle "CB28_2025"]
[SourceDate "2025.07.09"]
[SourceVersion "1"]
[SourceVersionDate "2025.07.09"]
[SourceQuality "1"]

1. Nf3 Nf6 2. c4 e6 3. g3 d5 4. Bg2 dxc4 5. Qa4+ Bd7 6. Qxc4 c5 7. Ne5 Qc8 8. Nxd7 Qxd7 9. d3 Nc6 10. 0-0 Rc8 11. Qc2 Be7 12. b3 Nd5 13. Bb2 Bf6 14. Bxf6 Nxf6 15. Na3 b6 16. Rac1 0-0 17. Rfd1 Rfd8 18. Qb2 Nd5 19. Nb1 Qe7 20. Nc3 Nxc3 21. Rxc3 Nd4 22. Rdc1 a5 23. a3 Qf6 24. Qa2 Qe5 25. Kf1 Rb8 26. Rc4 Qd6 27. Qb2 h6 28. Be4 Nc6 29. Kg1 Ne5 30. R4c2 Qd4 31. Bg2 Qxb2 32. Rxb2 Rd4 33. h3 Kf8 34. f4 Nd7 35. Kf2 Ke7 36. Be4 Kd8 37. e3 Rd6 38. Ke2 Rc8 39. Bf3 Rc7 40. Kd2 Ra7 41. h4 Ke7 42. g4 e5 43. f5 g6 44. Ke2 gxf5 45. gxf5 Nf6 46. Rg1 Rad7 47. Be4 Nxe4 48. dxe4 Rd8 49. Rc2 Kf6 50. Rb2 Ke7 51. Rc1 Rc8 52. Rbc2 Rcd8 53. Rb1 Rc8 54. b4 axb4 55. axb4 c4 56. Ra1 c3 57. Ra7+ Kf6 58. Rb7 Rc4 59. b5 Rxe4 60. Rxc3 Rxh4 61. Kf3 Kxf5 62. Rxf7+ Ke6 63. Rcc7 Kd5 64. Rf5 Rh3+ 65. Kf2 Ke4 66. Rff7 Rd2+ 67. Ke1 Rb2 68. Rc3 Rh1+ 69. Rf1 Rb1+ 0-1

[Event "CHN Nat Games qual tt 15th"]
[Site "Huairou District"]
[Date "2025.06.11"]
[Round "1.20"]
[White "Wang, Chuqiao"]
[Black "Huang, Xiaohe"]
[Result "1-0"]
[WhiteElo "2229"]
[BlackElo "1763"]
[PlyCount "99"]
[EventDate "2025.06.11"]
[EventType "team-swiss (rapid)"]
[EventRounds "7"]
[EventCountry "CHN"]
[SourceTitle "CB25_2025"]
[SourceDate "2025.06.18"]
[SourceVersion "1"]
[SourceVersionDate "2025.06.18"]
[SourceQuality "1"]
[WhiteTeam "Chongqing City"]
[BlackTeam "Fujian Province"]
[WhiteTeamCountry "CHN"]
[BlackTeamCountry "CHN"]

1. d4 d6 2. Nf3 g6 3. c4 Bg7 4. Nc3 Nd7 5. e4 e5 6. d5 a5 7. a3 Nh6 8. h4 Nf6 9. Bg5 Nhg4 10. h5 h6 11. Bh4 g5 12. Bg3 Nh7 13. Be2 Ngf6 14. b4 Nd7 15. Nd2 b6 16. Nf1 0-0 17. Ne3 Ndf6 18. f3 Bd7 19. Bf2 Re8 20. g4 Qc8 21. 0-0 Kh8 22. Ng2 Bf8 23. Nb5 Be7 24. Rc1 axb4 25. axb4 Qb7 26. Qb3 Reb8 27. Ra1 Nf8 28. Nc3 c6 29. dxc6 Bxc6 30. Ne3 Ne6 31. b5 Be8 32. Ned5 Nxd5 33. Nxd5 Nf4 34. Qb2 Nh3+ 35. Kg2 Nxf2 36. Kxf2 Kg7 37. Kg2 Kf8 38. Qc3 Bd7 39. Qe3 Ra7 40. Rfb1 Be6 41. Nb4 Rba8 42. Ra6 Rxa6 43. bxa6 Qc7 44. Nd5 Bxd5 45. cxd5 Qc5 46. Qxc5 bxc5 47. Rb7 f6 48. a7 Kf7 49. Bb5 Kf8 50. Rb8+ 1-0

[Event "CHN-chT (Women)"]
[Site "Hebei"]
[Date "2025.05.02"]
[Round "8.7"]
[White "Wang, Chuqiao"]
[Black "Zhai, Mo"]
[Result "0-1"]
[WhiteElo "2227"]
[BlackElo "2365"]
[PlyCount "72"]
[EventDate "2025.04.25"]
[EventType "team-swiss"]
[EventRounds "9"]
[EventCountry "CHN"]
[SourceTitle "CB20_2025"]
[SourceDate "2025.05.14"]
[SourceVersion "1"]
[SourceVersionDate "2025.05.14"]
[SourceQuality "1"]
[WhiteTeam "Chongqing (W)"]
[BlackTeam "Hebei (W)"]
[WhiteTeamCountry "CHN"]
[BlackTeamCountry "CHN"]

1. d4 Nf6 2. c4 e6 3. Nf3 Bb4+ 4. Nbd2 0-0 5. a3 Be7 6. e4 d6 7. Qc2 Nfd7 8. b4 e5 9. dxe5 Nxe5 10. Nxe5 dxe5 11. Bb2 a5 12. b5 Nd7 13. Be2 Bd6 14. 0-0 a4 15. Bg4 Nc5 16. Bxc8 Qxc8 17. Rad1 c6 18. Nf3 Qe6 19. bxc6 bxc6 20. Rd2 f6 21. Rfd1 Be7 22. Ne1 Rab8 23. Bc3 Nb3 24. Rd7 Nd4 25. Bxd4 Qxd7 26. Bxe5 Qxd1 27. Qxd1 fxe5 28. h3 Rb3 29. Qd7 Bxa3 30. Nf3 Rb1+ 31. Kh2 Bc1 32. Qe6+ Kh8 33. g3 a3 34. c5 a2 35. Qd6 Rbb8 36. Qxe5 Bb2 0-1

[Event "CHN-chT (Women)"]
[Site "Hebei"]
[Date "2025.04.28"]
[Round "4.2"]
[White "Sun, Yucan1"]
[Black "Wang, Chuqiao"]
[Result "0-1"]
[WhiteElo "1594"]
[BlackElo "2227"]
[PlyCount "87"]
[EventDate "2025.04.25"]
[EventType "team-swiss"]
[EventRounds "9"]
[EventCountry "CHN"]
[SourceTitle "CB20_2025"]
[SourceDate "2025.05.14"]
[SourceVersion "1"]
[SourceVersionDate "2025.05.14"]
[SourceQuality "1"]
[WhiteTeam "Qingdao (W)"]
[BlackTeam "Chongqing (W)"]
[WhiteTeamCountry "CHN"]
[BlackTeamCountry "CHN"]

1. e4 e6 2. d4 d5 3. Nc3 Nf6 4. e5 Nfd7 5. Nce2 c5 6. c3 Nc6 7. f4 Be7 8. Nf3 g6 9. h4 h5 10. a3 c4 11. b3 cxb3 12. Qxb3 Nb6 13. Ng5 Bd7 14. a4 Na5 15. Qc2 Bc6 16. Ba3 Bxa3 17. Rxa3 Qd7 18. Nc1 Nxa4 19. Bd3 Nc4 20. Bxc4 dxc4 21. Rg1 Nb6 22. Ne2 Qe7 23. Ra2 f5 24. exf6 Qxf6 25. Kd1 a6 26. Re1 0-0-0 27. Ng1 Qxf4 28. Nxe6 Qg4+ 29. Qe2 Rde8 30. Qxg4 hxg4 31. g3 Nd5 32. Kd2 Bd7 33. Nc5 Rxe1 34. Kxe1 Re8+ 35. Kd2 Re3 36. Rb2 b6 37. Nxd7 Kxd7 38. Ne2 Rd3+ 39. Kc2 Kc6 40. Ra2 Re3 41. Kd1 Rxe2 42. Rxe2 Nxc3+ 43. Kd2 Nxe2 44. Kxe2 0-1

[Event "CHN-chT (Women)"]
[Site "Hebei"]
[Date "2025.04.27"]
[Round "3.1"]
[White "Yan, Tianqi"]
[Black "Wang, Chuqiao"]
[Result "0-1"]
[WhiteElo "2344"]
[BlackElo "2227"]
[PlyCount "76"]
[EventDate "2025.04.25"]
[EventType "team-swiss"]
[EventRounds "9"]
[EventCountry "CHN"]
[SourceTitle "CB20_2025"]
[SourceDate "2025.05.14"]
[SourceVersion "1"]
[SourceVersionDate "2025.05.14"]
[SourceQuality "1"]
[WhiteTeam "Hangzhou (W)"]
[BlackTeam "Chongqing (W)"]
[WhiteTeamCountry "CHN"]
[BlackTeamCountry "CHN"]

1. e4 e6 2. d4 d5 3. Nc3 Nf6 4. e5 Nfd7 5. f4 c5 6. Nf3 Nc6 7. Be3 a6 8. a3 b5 9. Bd3 Be7 10. 0-0 Qb6 11. Kh1 Bb7 12. f5 0-0-0 13. dxc5 Bxc5 14. Bxc5 Nxc5 15. b4 Ne4 16. Qe1 exf5 17. a4 Nxc3 18. Bxf5+ Kb8 19. Qxc3 Rhe8 20. axb5 axb5 21. Rfe1 d4 22. Qb3 Re7 23. Bxh7 Rde8 24. Be4 Nxe5 25. Bxb7 Qxb7 26. Nxd4 f6 27. Ra5 Nc6 28. Rxe7 Rxe7 29. Qg3+ Kc8 30. Nxb5 Qb8 31. Qc3 Kd8 32. Qa1 Nxa5 33. Qxa5+ Ke8 34. Kg1 Qe5 35. Qa8+ Kf7 36. Qa2+ Kg6 37. Qc4 Qe3+ 38. Kf1 Qe1# 0-1

[Event "China zt 3.5 (Women)"]
[Site "Jiangxi"]
[Date "2025.03.30"]
[Round "9"]
[White "Wang, Yu A"]
[Black "Wang, Chuqiao"]
[Result "1/2-1/2"]
[WhiteElo "2197"]
[BlackElo "2227"]
[PlyCount "146"]
[EventDate "2025.03.22"]
[EventType "swiss"]
[EventRounds "9"]
[EventCountry "CHN"]
[SourceTitle "CB14_2025"]
[SourceDate "2024.11.01"]
[SourceVersion "1"]
[SourceVersionDate "2024.11.01"]
[SourceQuality "1"]

1. e4 e5 2. Nf3 Nc6 3. Bb5 a6 4. Ba4 Nf6 5. Bxc6 dxc6 6. d3 Nd7 7. Nbd2 Bd6 8. Nc4 0-0 9. 0-0 Re8 10. Bg5 f6 11. Bd2 Nf8 12. Nh4 Be6 13. Ne3 Ng6 14. Nhf5 Bxf5 15. Nxf5 Ne7 16. Ng3 Qd7 17. Qh5 Qe6 18. b3 Qf7 19. Qe2 Rad8 20. a4 Bc5 21. Kh1 Ng6 22. Nf5 Ne7 23. Ng3 Ng6 24. Nf5 Ne7 25. Nxe7+ Qxe7 26. f4 exf4 27. Bxf4 Bd4 28. Rae1 Bc3 29. Bd2 Qb4 30. Bxc3 Qxc3 31. Rc1 Re5 32. Qe1 Qxe1 33. Rfxe1 a5 34. Kg1 Rde8 35. Rf1 b6 36. g3 R8e7 37. Kg2 Re8 38. Rf2 R8e7 39. g4 Re8 40. Kg3 Rd8 41. Kf4 h5 42. h3 Kf7 43. Rg1 hxg4 44. hxg4 Kg6 45. Rh2 Rc5 46. Ke3 b5 47. Ra1 b4 48. Rf1 Rg5 49. Rf5 Rxg4 50. Rxa5 Rg3+ 51. Kf2 Rg5 52. Rxg5+ Kxg5 53. Rg2+ Kh6 54. Kf3 g6 55. Kf4 Kg7 56. Rh2 Ra8 57. c3 Rb8 58. Rc2 Kf7 59. cxb4 Rxb4 60. Rxc6 Rxb3 61. Rxc7+ Ke8 62. Ke3 Ra3 63. Ra7 g5 64. a5 g4 65. Kf4 Rxd3 66. Kxg4 Kd8 67. a6 Ra3 68. Kf5 Rf3+ 69. Ke6 Re3 70. Kf5 Rf3+ 71. Kg4 Ra3 72. Kf5 Rf3+ 73. Kg4 Ra3 1/2-1/2

[Event "Wch U20 Girls 41st"]
[Site "Petrovac"]
[Date "2025.03.07"]
[Round "11"]
[White "Wang, Chuqiao"]
[Black "Wang, Qinxuanyi"]
[Result "1/2-1/2"]
[WhiteElo "2227"]
[BlackElo "2165"]
[PlyCount "75"]
[EventDate "2025.02.25"]
[EventType "swiss"]
[EventRounds "11"]
[EventCountry "MNE"]
[SourceTitle "CB11_2025"]
[SourceDate "2025.03.12"]
[SourceVersion "1"]
[SourceVersionDate "2025.03.12"]
[SourceQuality "1"]

1. d4 d5 2. c4 c6 3. Nf3 Nf6 4. e3 Bf5 5. Nc3 e6 6. Nh4 Bg6 7. Qb3 Qc7 8. Nxg6 hxg6 9. Bd2 Nbd7 10. h3 Be7 11. Be2 Nb6 12. Rc1 Nxc4 13. Bxc4 dxc4 14. Qxc4 Rc8 15. e4 0-0 16. 0-0 c5 17. d5 exd5 18. Nxd5 Nxd5 19. exd5 Qd7 20. Be3 Bd6 21. a4 Rfe8 22. Qd3 Qxa4 23. Ra1 Qe4 24. Qxe4 Rxe4 25. Rxa7 Rb4 26. Ra2 c4 27. Rd1 Rb5 28. Kf1 Kf8 29. Rd2 Ke8 30. Ke2 Kd7 31. g3 Be5 32. Kd1 Kd6 33. Ke2 f5 34. h4 f4 35. Bxf4 Bxf4 36. gxf4 Rxd5 37. Ra3 Rxd2+ 38. Kxd2 1/2-1/2

[Event "Wch U20 Girls 41st"]
[Site "Petrovac"]
[Date "2025.03.04"]
[Round "8"]
[White "Nguyen, Thien Ngan"]
[Black "Wang, Chuqiao"]
[Result "1/2-1/2"]
[WhiteElo "1923"]
[BlackElo "2227"]
[PlyCount "149"]
[EventDate "2025.02.25"]
[EventType "swiss"]
[EventRounds "11"]
[EventCountry "MNE"]
[SourceTitle "CB11_2025"]
[SourceDate "2025.03.12"]
[SourceVersion "1"]
[SourceVersionDate "2025.03.12"]
[SourceQuality "1"]

1. e4 e5 2. Nf3 Nc6 3. Bc4 Nf6 4. d3 Bc5 5. c3 a5 6. Nbd2 0-0 7. 0-0 d6 8. Nb3 Ba7 9. a4 h6 10. Re1 Re8 11. Bb5 Be6 12. c4 Bb6 13. Be3 Bxe3 14. Rxe3 Bd7 15. Bxc6 Bxc6 16. h3 Bd7 17. d4 exd4 18. Qxd4 Bc6 19. Nbd2 Nh5 20. b3 Nf4 21. Rae1 b6 22. Nf1 Nh5 23. Kh2 Re6 24. g4 Nf4 25. Ng3 Qf6 26. Qd2 Ng6 27. Nh5 Qe7 28. Nd4 Bb7 29. f4 Rf6 30. Nf5 Qd8 31. Nfxg7 Nxf4 32. Nxf6+ Qxf6 33. Rf3 Qxg7 34. Qxf4 Re8 35. Rg3 Re5 36. Rge3 Qg5 37. Qxg5+ hxg5 38. Kg3 Kg7 39. h4 gxh4+ 40. Kf4 Re6 41. g5 Re8 42. e5 dxe5+ 43. Rxe5 Rd8 44. Re7 Rd4+ 45. Ke3 Rg4 46. Rf1 Rg3+ 47. Ke2 h3 48. Rexf7+ Kg6 49. R1f6+ Kxg5 50. Rf5+ Kh6 51. R5f6+ Rg6 52. Rf4 Re6+ 53. Kd2 h2 54. Rh4+ Kg6 55. Rfh7 h1Q 56. Rxh1 Bxh1 57. Rxh1 Re7 58. Kd3 Kf5 59. c5 Re6 60. Rh5+ Kf4 61. Rh7 Rc6 62. cxb6 cxb6 63. Kd4 Kf5 64. Re7 Kf6 65. Re3 Kf7 66. Kd5 Rh6 67. Rc3 Rh4 68. Rc7+ Ke8 69. Rc4 Rh3 70. b4 axb4 71. Rxb4 Rh6 72. Rg4 Kd7 73. Rg7+ Kc8 74. Kc4 Rh5 75. Rf7 1/2-1/2

[Event "Wch U20 Girls 41st"]
[Site "Petrovac"]
[Date "2025.03.03"]
[Round "7"]
[White "Wang, Chuqiao"]
[Black "Velpula, Sarayu"]
[Result "0-1"]
[WhiteElo "2227"]
[BlackElo "2315"]
[PlyCount "82"]
[EventDate "2025.02.25"]
[EventType "swiss"]
[EventRounds "11"]
[EventCountry "MNE"]
[SourceTitle "CB11_2025"]
[SourceDate "2025.03.12"]
[SourceVersion "1"]
[SourceVersionDate "2025.03.12"]
[SourceQuality "1"]

1. d4 Nf6 2. c4 g6 3. g3 Bg7 4. Nf3 0-0 5. Bg2 d6 6. Nc3 c5 7. d5 e6 8. 0-0 Re8 9. Re1 exd5 10. cxd5 Nbd7 11. Bf4 Ng4 12. Qc2 Nde5 13. Nxe5 Nxe5 14. a4 a6 15. h3 Rb8 16. Ne4 h6 17. Nd2 b5 18. axb5 axb5 19. Kh2 Bd7 20. Ra6 Rb6 21. Ra7 Re7 22. Rea1 Bf5 23. Be4 Bxe4 24. Nxe4 Rxa7 25. Rxa7 Qb8 26. Ra2 Qb7 27. Qb3 c4 28. Qe3 g5 29. Bxe5 Bxe5 30. f4 gxf4 31. gxf4 Bg7 32. Ra1 Bxb2 33. Rb1 Bh8 34. Nd2 c3 35. Nc4 bxc4 36. Rxb6 Qxd5 37. Rb8+ Kh7 38. Rb1 Bd4 39. Qg3 Qe4 40. Re1 Be3 41. Rf1 c2 0-1

[Event "Penang Heritage op 16th"]
[Site "Penang"]
[Date "2024.12.23"]
[Round "1"]
[White "Lim, Kian Hwa"]
[Black "Wang, Chuqiao"]
[Result "0-1"]
[WhiteElo "1701"]
[BlackElo "2199"]
[PlyCount "62"]
[EventDate "2024.12.23"]
[EventType "swiss"]
[EventRounds "9"]
[EventCountry "MAS"]
[SourceTitle "CB14_2025"]
[SourceDate "2024.11.01"]
[SourceVersion "1"]
[SourceVersionDate "2024.11.01"]
[SourceQuality "1"]

1. e4 e5 2. Nf3 Nc6 3. Bb5 a6 4. Ba4 Nf6 5. d3 b5 6. Bb3 Bc5 7. c3 d6 8. 0-0 0-0 9. Nbd2 Bg4 10. Re1 Ne7 11. Nf1 Ng6 12. h3 Bd7 13. d4 Bb6 14. Ng3 Re8 15. Ng5 Rf8 16. Nf3 c5 17. dxe5 dxe5 18. Bg5 Bc6 19. Qxd8 Rfxd8 20. Bxf6 gxf6 21. Nh5 Rd6 22. Rad1 Rad8 23. Rxd6 Rxd6 24. Rd1 Rxd1+ 25. Bxd1 Bd8 26. Bc2 Kf8 27. Nd2 Ke7 28. g3 Bd7 29. Kh2 Be6 30. b3 Ba5 31. Nb1 c4 0-1

[Event "Nanjing New Vigorous op 4th"]
[Site "Nanjing"]
[Date "2024.11.24"]
[Round "8"]
[White "Pang, Tao"]
[Black "Wang, Chuqiao"]
[Result "1-0"]
[WhiteElo "2333"]
[BlackElo "2068"]
[PlyCount "159"]
[EventDate "2024.11.21"]
[EventType "swiss"]
[EventRounds "9"]
[EventCountry "CHN"]
[SourceTitle "CB48_2024"]
[SourceDate "2024.11.28"]
[SourceVersion "1"]
[SourceVersionDate "2024.11.28"]
[SourceQuality "1"]

1. d4 d5 2. c4 c6 3. Nf3 Nf6 4. e3 e6 5. Bd3 Nbd7 6. b3 Bd6 7. Bb2 0-0 8. 0-0 b6 9. Nc3 Bb7 10. Qe2 Qe7 11. cxd5 exd5 12. Ba6 Bxa6 13. Qxa6 Rfc8 14. Rac1 Rc7 15. Qd3 Ne4 16. Rc2 Ndf6 17. h3 Rac8 18. Nd2 Nxc3 19. Bxc3 Bb4 20. Bxb4 Qxb4 21. Rfc1 h6 22. Nb1 Qe7 23. Nc3 c5 24. dxc5 Rxc5 25. Nb5 Qd7 26. Nd4 a5 27. Qa6 Rxc2 28. Rxc2 Rxc2 29. Nxc2 Qf5 30. Qe2 Qc8 31. Nd4 Ne4 32. g4 h5 33. Nf5 Qd7 34. Qb2 Nf6 35. f3 hxg4 36. hxg4 Qe6 37. Qc3 Kh7 38. Kg2 Ne8 39. Nd4 Qe5 40. Qd2 Nd6 41. Ne2 Ne8 42. Ng3 Nf6 43. Nf5 Kg8 44. Nd4 Nd7 45. Nc6 Qf6 46. Qxd5 Qb2+ 47. Kg3 Nf6 48. Ne7+ Kh7 49. Qxf7 Qe5+ 50. Kh3 Qxe3 51. Qxg7+ Kxg7 52. Nf5+ Kf7 53. Nxe3 b5 54. a4 bxa4 55. bxa4 Nd7 56. Nc4 Nc5 57. Nxa5 Nxa4 58. Nc4 Nc5 59. f4 Kf6 60. Ne3 Nd3 61. Kg3 Nc5 62. g5+ Kg6 63. Kg4 Nd3 64. f5+ Kg7 65. Nd5 Ne5+ 66. Kg3 Kf7 67. Nf4 Kg7 68. Nh5+ Kf7 69. Kf4 Nd3+ 70. Ke4 Nf2+ 71. Kf3 Nd3 72. g6+ Ke7 73. Ke4 Nf2+ 74. Kf4 Nh3+ 75. Ke5 Ng5 76. f6+ Kf8 77. Kf5 Nf3 78. Nf4 Nd4+ 79. Ke4 Nc6 80. Ne6+ 1-0

[Event "Nanjing New Vigorous op 4th"]
[Site "Nanjing"]
[Date "2024.11.23"]
[Round "6"]
[White "Yang, Zilong"]
[Black "Wang, Chuqiao"]
[Result "0-1"]
[WhiteElo "1929"]
[BlackElo "2068"]
[PlyCount "92"]
[EventDate "2024.11.21"]
[EventType "swiss"]
[EventRounds "9"]
[EventCountry "CHN"]
[SourceTitle "CB48_2024"]
[SourceDate "2024.11.28"]
[SourceVersion "1"]
[SourceVersionDate "2024.11.28"]
[SourceQuality "1"]

1. e4 e5 2. Nf3 Nc6 3. Bb5 a6 4. Ba4 Nf6 5. 0-0 Be7 6. d3 b5 7. Bb3 d6 8. a3 0-0 9. Nc3 Rb8 10. Be3 Na5 11. Ba2 Be6 12. b4 Nc6 13. Nd5 Qd7 14. h3 h6 15. Nd2 Nd4 16. Nxe7+ Qxe7 17. f4 Bxa2 18. Rxa2 Rfd8 19. Nf3 Nxf3+ 20. Qxf3 exf4 21. Bxf4 Nh7 22. c3 Rf8 23. Qg3 Kh8 24. Raf2 Rbe8 25. Be3 f6 26. Qg4 Qf7 27. Bd4 Re6 28. Rf5 Rfe8 29. Qd1 Nf8 30. a4 c6 31. a5 Nd7 32. Qd2 Ne5 33. Be3 Qg6 34. Kh2 d5 35. exd5 cxd5 36. R1f4 Nxd3 37. Qxd3 Rxe3 38. Qxd5 Qg3+ 39. Kh1 Rxc3 40. Rf1 Re1 41. Qa8+ Kh7 42. Qxa6 Rce3 43. Qxb5 R1e2 44. Qd5 Re4 45. Rg1 Rxg2 46. Rxg2 Re1+ 0-1

[Event "Nanjing New Vigorous op 4th"]
[Site "Nanjing"]
[Date "2024.11.21"]
[Round "2"]
[White "Hou, Yifan B"]
[Black "Wang, Chuqiao"]
[Result "1/2-1/2"]
[WhiteElo "2046"]
[BlackElo "2068"]
[PlyCount "118"]
[EventDate "2024.11.21"]
[EventType "swiss"]
[EventRounds "9"]
[EventCountry "CHN"]
[SourceTitle "CB48_2024"]
[SourceDate "2024.11.28"]
[SourceVersion "1"]
[SourceVersionDate "2024.11.28"]
[SourceQuality "1"]

1. d4 d5 2. c4 c6 3. Nf3 Nf6 4. Nc3 e6 5. e3 Nbd7 6. Be2 Bd6 7. 0-0 0-0 8. Qc2 dxc4 9. a4 e5 10. Bxc4 exd4 11. exd4 Nb6 12. Bb3 Nbd5 13. Bg5 Qc7 14. Rac1 Qd7 15. Rfe1 h6 16. Bxf6 Nxf6 17. Ne5 Qf5 18. Qe2 Be6 19. Bc2 Qf4 20. Rcd1 Bxe5 21. dxe5 Bc4 22. Qd2 Qxd2 23. Rxd2 Nd5 24. Re4 Ba6 25. Nxd5 cxd5 26. Red4 Rfd8 27. h3 Rac8 28. Bb3 Rc1+ 29. Kh2 Kf8 30. Bxd5 Ke7 31. b4 b6 32. Rf4 Rf8 33. b5 Bc8 34. Bc6 Be6 35. a5 Rc5 36. axb6 axb6 37. Ra4 Rb8 38. f4 g5 39. Ra7+ Kf8 40. f5 Bxf5 41. Bd5 Rd8 42. Rxf7+ Ke8 43. Bc6+ Kxf7 44. Rxd8 Rxe5 45. Rb8 Be4 46. Rb7+ Kf8 47. Rxb6 Bxc6 48. bxc6 Rc5 49. Kg3 h5 50. Kf3 Ke7 51. Ke4 h4 52. Kd4 Rc2 53. Ke5 Re2+ 54. Kd5 Rd2+ 55. Kc5 Rc2+ 56. Kb5 Kd6 57. Rb7 Rb2+ 58. Ka6 Ra2+ 59. Kb6 Rb2+ 1/2-1/2

[Event "Nanjing New Vigorous op 4th"]
[Site "Nanjing"]
[Date "2024.11.21"]
[Round "1"]
[White "Wang, Chuqiao"]
[Black "Cai, Boheng"]
[Result "1/2-1/2"]
[WhiteElo "2068"]
[BlackElo "1846"]
[PlyCount "177"]
[EventDate "2024.11.21"]
[EventType "swiss"]
[EventRounds "9"]
[EventCountry "CHN"]
[SourceTitle "CB48_2024"]
[SourceDate "2024.11.28"]
[SourceVersion "1"]
[SourceVersionDate "2024.11.28"]
[SourceQuality "1"]

1. d4 Nf6 2. c4 e6 3. Nf3 Bb4+ 4. Bd2 Qe7 5. g3 Nc6 6. Nc3 Bxc3 7. Bxc3 Ne4 8. Rc1 0-0 9. Bg2 d6 10. 0-0 Nxc3 11. Rxc3 e5 12. e3 Bg4 13. h3 Bh5 14. d5 Nb8 15. Qc1 Nd7 16. e4 Nc5 17. Re1 a5 18. b3 Bg6 19. Nd2 f5 20. a3 Qd7 21. b4 Nxe4 22. Nxe4 fxe4 23. c5 axb4 24. axb4 Ra2 25. Rf1 Qf7 26. cxd6 cxd6 27. Rc7 Qxd5 28. Qg5 Qe6 29. Bxe4 Re2 30. Bxb7 h6 31. Bd5 hxg5 32. Bxe6+ Kh7 33. Rd7 Rb2 34. Rxd6 Rxb4 35. Rd5 Re4 36. Bg4 Bf5 37. Bd1 Rd4 38. Rxe5 Bxh3 39. Bc2+ Kh6 40. Rfe1 Rd2 41. R1e2 Rxe2 42. Rxe2 Bf5 43. Bb3 Rd8 44. Kg2 Kg6 45. Ba4 Kf6 46. Rb2 Rd6 47. Rb4 Re6 48. g4 Be4+ 49. Kg3 Bd5 50. Bd7 Rd6 51. Bf5 Be6 52. Bc2 Rc6 53. Bd1 Rc3+ 54. f3 Rd3 55. Be2 Re3 56. Kf2 Rc3 57. Rb6 Kf7 58. Ke1 Re3 59. Kf2 Ra3 60. Bd1 Rd3 61. Ke1 Re3+ 62. Kd2 Ra3 63. Rd6 Ke7 64. Rd4 Kf6 65. Be2 Rb3 66. Bd3 Ra3 67. Be4 Ke5 68. Rd8 Ra2+ 69. Ke3 Ra3+ 70. Kf2 Kf6 71. Rb8 Rb3 72. Ra8 Rc3 73. Ra6 Ke7 74. Ke1 Rc5 75. Ra3 Re5 76. Kf2 Bxg4 77. Ra7+ Kf6 78. Ra6+ Be6 79. Ke3 Rb5 80. Bd3 Rb4 81. Be4 Ke7 82. Ra5 Kf6 83. Ra6 Rb5 84. Bd3 Rc5 85. Kd4 Rd5+ 86. Ke4 Re5+ 87. Kd4 Rd5+ 88. Ke4 Re5+ 89. Kd4 1/2-1/2

[Event "CHN-ch Blitz (Women)"]
[Site "Hohhot"]
[Date "2024.11.14"]
[Round "5"]
[White "Ni, Shiqun"]
[Black "Wang, Chuqiao"]
[Result "0-1"]
[WhiteElo "2260"]
[BlackElo "2185"]
[PlyCount "101"]
[EventDate "2024.11.13"]
[EventType "swiss (blitz)"]
[EventRounds "9"]
[EventCountry "CHN"]
[SourceTitle "CB49_2024"]
[SourceDate "2024.12.04"]
[SourceVersion "1"]
[SourceVersionDate "2024.12.04"]
[SourceQuality "1"]

1. e4 e5 2. Nf3 Nc6 3. Nc3 Nf6 4. d4 exd4 5. Nxd4 Bb4 6. Nxc6 bxc6 7. Bd3 d5 8. exd5 cxd5 9. 0-0 0-0 10. Bg5 c6 11. Qf3 Qd6 12. Bxf6 Qxf6 13. Qxf6 gxf6 14. Ne2 Bd6 15. Ng3 Re8 16. Rae1 Bd7 17. Nf5 Bxf5 18. Bxf5 Re5 19. Bd7 c5 20. b3 Rd8 21. Bc6 Bc7 22. Bb5 Ba5 23. Rd1 Kg7 24. Rd3 Rd6 25. Rfd1 a6 26. Bc4 d4 27. Rg3+ Rg5 28. Rdd3 Bc3 29. h4 Rxg3 30. Rxg3+ Kf8 31. Rf3 a5 32. Rf5 Bb4 33. Kf1 Kg7 34. Ke2 Rd7 35. Kd3 Re7 36. Rd5 h6 37. Rd8 Be1 38. Rc8 Bb4 39. Rc6 Rd7 40. Bb5 Re7 41. Bc4 Kg6 42. g4 Kg7 43. h5 Rd7 44. Bb5 Rb7 45. Kc4 Re7 46. Ba6 Re4 47. Kd5 Rxg4 48. Bc4 Rg5+ 49. Ke4 Re5+ 50. Kf3 Re7 51. Kg4 0-1